| 000 | 01091cam a2200301 a 4500 | ||
|---|---|---|---|
| 001 | 469529 | ||
| 003 | OSt | ||
| 005 | 20220328094939.0 | ||
| 008 | 830819s1982 enka b i001 0 eng | ||
| 010 | _a 83169878 | ||
| 020 | _a0582361222 (pbk.) | ||
| 020 | _a0582361214 (hard) | ||
| 040 |
_aDLC _cDLC _dDLC |
||
| 050 | 0 | 0 |
_aG73 _b.N57 1982 |
| 082 | 0 | 0 |
_a910.7 GRA 1982 _219 |
| 245 | 0 | 0 |
_aNew Unesco source book for geography teaching / _cedited by Norman J. Graves (Commission on Geographical Education of the International Geographical Union). |
| 260 |
_aHarlow, Essex : _bLongman ; _aParis, France : _bUnesco Press, _c1982. |
||
| 300 |
_axxii, 394 p. : _bill. ; _c22 cm. |
||
| 500 | _aErrata slip inserted. | ||
| 500 | _aIncludes index. | ||
| 504 | _aBibliography: p. 375-388. | ||
| 650 | 0 |
_aGeography _xStudy and teaching. _933640 |
|
| 700 | 1 |
_aGraves, Norman John. _934216 |
|
| 710 | 2 |
_aUnesco. _917369 |
|
| 710 | 2 |
_aInternational Geographical Union. _bCommission on Geographical Education. _934217 |
|
| 906 |
_a7 _bcbc _corignew _d2 _encip _f19 _gy-gencatlg |
||
| 942 |
_2ddc _cBOOKS _n0 |
||
| 999 |
_c33674 _d33674 |
||